| 000 | 00573nam a2200193Ia 4500 | ||
|---|---|---|---|
| 005 | 20260114185647.0 | ||
| 008 | 008 260114s9999 xx 000 0 eng d | ||
| 020 | _a9781474210867 | ||
| 037 | _aEBOOK | ||
| 040 |
_aCRL _beng _cCRL |
||
| 041 |
_aeng _2eng |
||
| 084 | _qCRL | ||
| 100 |
_aRichard M. Ward _9872813 |
||
| 245 | 0 | _aPrint Culture, Crime and Justice in 18th-Century London | |
| 260 |
_bBloomsbury _c2014 |
||
| 856 | _uhttps://doi.org/10.5040/9781474210867?locatt=label:secondary_bloomsburyCollections | ||
| 942 | _cEBOOK | ||
| 999 |
_c1471761 _d1471761 |
||